000 01463nam a2200349Ia 4500
001 ebr10684568
003 CaPaEBR
006 m u
007 cr cn|||||||||
008 110609s2011 enkab sb 001 0 eng d
010 _z 2011380479
020 _z9781905246878 (hbk.)
020 _z1905246870 (hbk.)
020 _z9789004212817
040 _aCaPaEBR
_cCaPaEBR
035 _a(OCoLC)795008821
041 0 _aeng
_ajpn
050 1 4 _aDS889.16
_b.N575 2011eb
100 1 _aNish, Ian Hill.
245 1 4 _aThe Japanese in war and peace, 1942-48
_h[electronic resource] :
_bselected documents from a translator's in-tray /
_cIan Nish.
260 _aFolkestone :
_bGlobal Oriental,
_c2011.
300 _axii, 454 p. :
_bill., maps.
504 _aIncludes bibliographical references (p. [85]-89) and index.
533 _aElectronic reproduction.
_bPalo Alto, Calif. :
_cebrary,
_d2013.
_nAvailable via World Wide Web.
_nAccess may be limited to ebrary affiliated libraries.
546 _aText in English, material in appendices in Japanese and English.
650 0 _aPublic opinion
_zJapan
_xHistory
_y20th century
_vSources.
651 0 _aJapan
_xHistory
_yAllied occupation, 1945-1952
_vSources.
651 0 _aJapan
_xHistory
_y1926-1945
_vSources.
655 7 _aElectronic books.
_2local
710 2 _aebrary, Inc.
856 4 0 _uhttp://site.ebrary.com/lib/rucke/Doc?id=10684568
_zAn electronic book accessible through the World Wide Web; click to view
999 _c30314
_d30314